Manual de derecho comercial (Registro nro. 315)

Detalles MARC
000 -LEADER
fixed length control field 00969 a2200193 4500
001 - CONTROL NUMBER
control field 3346
005 - DATE AND TIME OF LATEST TRANSACTION
control field 20260407155427.0
008 - FIXED-LENGTH DATA ELEMENTS--GENERAL INFORMATION
fixed length control field 260407a1979 arg spa d
003 - CONTROL NUMBER IDENTIFIER
control field AR-UNSa-BCEJYS
040 ## - CATALOGING SOURCE
Original cataloging agency AR-UNSa-BCEJYS
Language of cataloging spa
Transcribing agency AR-UNSa-BCEJYS
080 ## - UNIVERSAL DECIMAL CLASSIFICATION NUMBER
Universal Decimal Classification number 347.7
Common auxiliary subdivision Derecho Mercantil. Derecho Comercial
100 1# - MAIN ENTRY--PERSONAL NAME
Personal name Etcheverry, Raúl Aníbal
245 10 - TITLE STATEMENT
Title Manual de derecho comercial
Name of part/section of a work Parte general
264 #1 - PRODUCTION, PUBLICATION, DISTRIBUTION, MANUFACTURE, AND COPYRIGHT NOTICE
Place of production, publication, distribution, manufacture Buenos Aires :
Name of producer, publisher, distributor, manufacturer Astrea
Date of production, publication, distribution, manufacture, or copyright notice 1979
300 ## - PHYSICAL DESCRIPTION
Extent xxxi, 581 p.
Dimensions 23 cm.
505 ## - FORMATTED CONTENTS NOTE
Formatted contents note 1. Antecedentes históricos - 2. Definición, contenido y caracteres del actual derecho comercial - 3. El comerciante - 4. El estatuto del empresario individual - 5. El acto de comercio - 6. Estatutos especiales de otros comerciantes y auxiliares de comercio - 7. La empresa - 8. La organización del empresario - 9. Procedimientos y organización judicial y administrativa vinculados a la industria y el comercio
590 ## - LOCAL NOTE (RLIN)
Local note niveau_biblio:m niveau_hierar:0
942 ## - ADDED ENTRY ELEMENTS (KOHA)
Koha item type
Existencias
Withdrawn status Lost status Damaged status Not for loan Home library Current library Shelving location Date acquired Total checkouts Full call number Barcode Date last seen Price effective from Koha item type
        Biblioteca Prof. Eusebio Cleto del Rey Biblioteca Prof. Eusebio Cleto del Rey   07/04/2026   347.7 E83 L28625 07/04/2026 07/04/2026 Libro
        Biblioteca Prof. Eusebio Cleto del Rey Biblioteca Prof. Eusebio Cleto del Rey   07/04/2026   347.7 E83 L28626 07/04/2026 07/04/2026 Libro
        Biblioteca Prof. Eusebio Cleto del Rey Biblioteca Prof. Eusebio Cleto del Rey   07/04/2026   347.7 E83 L44210 07/04/2026 07/04/2026 Libro
        Biblioteca Prof. Eusebio Cleto del Rey Biblioteca Prof. Eusebio Cleto del Rey   07/04/2026   347.7 E83 L53479 07/04/2026 07/04/2026 Libro